MARC details
| 000 -CABECERA |
| campo de control de longitud fija |
01772cam a2200277 i 4500 |
| 001 - NÚMERO DE CONTROL |
| campo de control |
22246768 |
| 005 - FECHA Y HORA DE LA ÚLTIMA TRANSACCIÓN |
| campo de control |
20250513122647.0 |
| 008 - DATOS DE LONGITUD FIJA--INFORMACIÓN GENERAL |
| campo de control de longitud fija |
210921s2023 njua b 001 0 eng |
| 010 ## - NÚMERO DE CONTROL DE LA BIBLIOTECA DEL CONGRESO |
| Número de control de LC |
2021046411 |
| 020 ## - NÚMERO INTERNACIONAL ESTÁNDAR DEL LIBRO |
| Número Internacional Estándar del Libro |
9780137474646 |
| 040 ## - FUENTE DE LA CATALOGACIÓN |
| Centro catalogador/agencia de origen |
DLC |
| Lengua de catalogación |
eng |
| Normas de descripción |
rda |
| Centro/agencia transcriptor |
DLC |
| Centro/agencia modificador |
DLC |
| 042 ## - CÃDIGO DE AUTENTICACIÃN |
| Código de autenticación |
pcc |
| 050 00 - SIGNATURA TOPOGRÁFICA DE LA BIBLIOTECA DEL CONGRESO |
| Número de clasificación |
HD58.7 |
| Número de documento/Ítem |
.R62 2023 |
| 100 ## - ENTRADA PRINCIPAL--NOMBRE DE PERSONA |
| Nombre de persona |
Robbins, Stephen P. |
| Término indicativo de función/relación |
author. |
| 9 (RLIN) |
20547 |
| 245 10 - MENCIÓN DE TÍTULO |
| Título |
Organizational behavior |
| Mención de responsabilidad, etc. |
/ Stephen P. Robbins, San Diego State University, Timothy A. Judge, The Ohio State University. |
| 250 ## - MENCIÓN DE EDICIÓN |
| Mención de edición |
Nineteenth edition. |
| 264 #1 - PRODUCCIÓN, PUBLICACIÓN, DISTRIBUCIÓN, FABRICACIÓN Y COPYRIGHT |
| Producción, publicación, distribución, fabricación y copyright |
Hoboken, NJ : |
| Nombre del de productor, editor, distribuidor, fabricante |
Pearson, |
| Fecha de producción, publicación, distribución, fabricación o copyright |
2023. |
| 300 ## - DESCRIPCIÓN FÍSICA |
| Extensión |
XXXV, 764 pages : |
| Otras características físicas |
illustrations (chiefly color) ; |
| Dimensiones |
29 cm |
| 500 ## - NOTA GENERAL |
| Nota general |
Revised edition of Organizational behavior, [2017] |
| 504 ## - NOTA DE BIBLIOGRAFÍA, ETC. |
| Nota de bibliografía, etc. |
Includes bibliographical references (pages 657-745) and index. |
| 505 ## - NOTA DE CONTENIDO CON FORMATO |
| Nota de contenido con formato |
PART 1: INTRODUCTION<br/>—<br/>What Is Organizational Behavior?<br/>—<br/>PART 2: THE INDIVIDUAL<br/>—<br/>Diversity, Equity, and Inclusion in Organizations<br/>—<br/>Job Attitudes<br/>—<br/>Emotions and Moods<br/>—<br/>Personality and Individual Differences<br/>—<br/>Perception and Individual Decision Making<br/>—<br/>Motivation Concepts<br/>—<br/>Motivation: From Concepts to Applications |
| 520 ## - SUMARIO, ETC. |
| Sumario, etc. |
Reflecting the most recent research and events within the field of OB, the 19th Edition continues its hallmark focus on clear writing, cutting-edge content, and intuitive pedagogy. There's a reason why Robbins's textbooks have educated millions of students and have been translated into 20 languages: because of a commitment to provide engaging, cutting-edge material that helps you understand and connect with this important field of study. |
| Fuente proveedora |
Provided by publisher. |
| 650 #0 - PUNTO DE ACCESO ADICIONAL DE MATERIA--TÉRMINO DE MATERIA |
| Término de materia o nombre geográfico como elemento de entrada |
Organizational behavior |
| 9 (RLIN) |
2566 |
| 700 ## - ENTRADA AGREGADA--NOMBRE PERSONAL |
| Nombre de persona |
Judge, Timothy A |
| Término indicativo de función/relación |
author. |
| 9 (RLIN) |
20548 |
| 942 ## - ELEMENTOS DE ENTRADA AGREGADA (KOHA) |
| Fuente del sistema de clasificación o colocación |
Clasificación de Library of Congress |